Entry Personal Name
Number of records used in: 2
001 - CONTROL NUMBER
003 - CONTROL NUMBER IDENTIFIER
005 - DATE AND TIME OF LATEST TRANSACTION
- control field:
20231122100658.0
008 - FIXED-LENGTH DATA ELEMENTS
- fixed length control field:
880525n| azannaab |a aaa
010 ## - LIBRARY OF CONGRESS CONTROL NUMBER
- LC control number:
n 88639241
040 ## - CATALOGING SOURCE
- Original cataloging agency:
DLC
- Transcribing agency:
DLC
- Modifying agency:
DLC
- Description conventions:
rda
100 1# - HEADING--PERSONAL NAME
- Personal name:
Stiling, Peter D.
400 1# - SEE FROM TRACING--PERSONAL NAME
- Personal name:
Stiling, P. D.
- Fuller form of name:
(Peter D.)
670 ## - SOURCE DATA FOUND
- Source citation:
nuc88-64093: His Butterflies and other insects of the Eastern Caribbean, 1986
- Information found:
(hdg. on IaAS rept.: Stiling, Peter D.; usage: Peter D. Stiling) book t.p. (Peter D. Stiling) cover (P.D. Stiling)
670 ## - SOURCE DATA FOUND
- Source citation:
His Florida's butterflies and other insects, c1988:
- Information found:
CIP t.p. (Peter D. Stiling) data sheet (b. 11/27/55)
670 ## - SOURCE DATA FOUND
- Source citation:
Ecology, 2014:
- Information found:
ECIP t.p. (Peter Stiling, University of South Florida-Tampa)